LEGO Art Sets by picture - Statistics

General Stats
  • This quiz has been taken 24 times
    17 since last reset
  • The average score is 6 of 8
Answer Stats
Picture Answer % Correct
Mona Lisa
94%
The Amazing Spider-Man
94%
Batman: The Animated Series Gotham City™
88%
LOVE
88%
Milky Way Galaxy
88%
Hokusai – The Great Wave
82%
The Fauna Collection – Macaw Parrots
53%
Modern Art
41%
No matching quizzes found
Score Distribution
Percent of People with Each Score
Percentile by Number Answered
Your Score History
You have not taken this quiz since the last reset